00461nam a2200133 4500008004100000020001500041082001600056100003100072245006200103260005000165300004200215440002600257650004400283240108b |||||||| |||| 00| 0 eng d a955905287X a305.42bVIT aVitarana, Kamini Meedeniya aEnvironmental assessment studies : ba gender perspective a Colombo:bCentre for Women's Research,c2000 a43 p. ; 26 cm.bBibliography included aStudy series vno. 18 aEnvironmental impact analysis Sri Lanka